000 00893nam a2200253Ia 4500
003 OSt
005 20221005112750.0
006 a|||||r|||| 00| 0
007 ta
008 221004b |||||||| |||| 00| 0 pan d
020 _c350
024 _a117289
037 _b572, 03/02/2012, H.K. Prakashan
_cTextual
040 _aCRL
_cCRL
_bpan
041 _2pan
_apan
082 _aO153:g(Q6:65), P4
100 _aਗੁਰਚਰਨ ਸਿੰਘ, ਅਰੀ
245 0 _aਈਸਾਈ ਮਿਨਰੀ ਪੰਜਾਬੀ ਭਾਾ ਤੇ ਸਾਹਿਤ
260 _aਦਿੱਲੀ
_bਆਰਸੀ ਪਬਲਿਰਗ਼ ਭਾਰਤ
_c2004
300 _a308ਪੰ
_ccm.
650 _aਪੰਜਾਬੀ ਸਾਹਿਤ
942 _hO153:g(Q6:65), P4
_cTEXL
_2cc
999 _c1025901
_d1025901